Organizational Decision Making
Gespeichert in:
| 1. Verfasser: | |
|---|---|
| Weitere Verfasser: | |
| Format: | Buch |
| Sprache: | Englisch |
| Veröffentlicht: |
Englewood Cliffs
Prentice-Hall
1967
|
| Ausgabe: | 1. ed. |
| Schlagworte: | |
| Tags: |
Keine Tags, Fügen Sie das erste Tag hinzu!
|
MARC
| LEADER | 00000nam a2200000 4500 | ||
|---|---|---|---|
| 001 | c002051 | ||
| 005 | 20221220103308.0 | ||
| 041 | 0 | |a eng | |
| 044 | |a US | ||
| 245 | 1 | 0 | |a Organizational Decision Making |c Marcus Alexis, Charles Z. Wilson |
| 250 | |a 1. ed. | ||
| 264 | 1 | |a Englewood Cliffs |b Prentice-Hall |c 1967 | |
| 300 | |a 447 s. | ||
| 610 | 2 | 0 | |a podnik |
| 610 | 2 | 0 | |a organizácie |
| 610 | 2 | 0 | |a rozhodovanie podnikové |
| 610 | 2 | 0 | |a behaviorizmus |
| 610 | 2 | 0 | |a organizácia podniku |
| 610 | 2 | 0 | |a správanie |
| 610 | 2 | 0 | |a modely rozhodovania |
| 610 | 2 | 0 | |a analýza kvantitatívna |
| 610 | 2 | 0 | |a plánovanie podnikové |
| 610 | 2 | 0 | |a spracovanie dát |
| 610 | 2 | 0 | |a úlohy alokačné |
| 100 | 1 | |a Alexis, Marcus | |
| 700 | 1 | |a Wilson, Charles Z. | |